Names of National Football Leagues - Statistics

General Stats
  • This quiz has been taken 29 times
  • The average score is 7 of 17
Answer Stats
Hint Answer % Correct
Germany Bundesliga
96%
England Premier League
96%
Italy Serie A
93%
Spain La Liga
89%
France Ligue 1
81%
Netherlands Eredivisie
52%
Scotland Premiership
33%
Serbia SuperLiga
30%
Portugal Primeira Liga
26%
Argentina Primera Division
26%
Mexico Liga MX
19%
Poland Ekstraklasa
15%
Sweden Allsvenskan
11%
Finland Veikkausliiga
7%
Czechia First League
4%
Norway Tippeligaen
4%
Belgium First Division A
0%
No matching quizzes found
Score Distribution
Percent of People with Each Score
Percentile by Number Answered
Your Score History
You have not taken this quiz